Sajjo rani / (Record no. 46014)
[ view plain ]
| 000 -LEADER | |
|---|---|
| fixed length control field | 01197njm a22002897a 4500 |
| 005 - DATE AND TIME OF LATEST TRANSACTION | |
| control field | 20100915152354.0 |
| 006 - FIXED-LENGTH DATA ELEMENTS--ADDITIONAL MATERIAL CHARACTERISTICS--GENERAL INFORMATION | |
| fixed length control field | a|||||r|||||00| 0 |
| 007 - PHYSICAL DESCRIPTION FIXED FIELD--GENERAL INFORMATION | |
| fixed length control field | sd ammalaaahaa |
| 008 - FIXED-LENGTH DATA ELEMENTS--GENERAL INFORMATION | |
| fixed length control field | 100901t xxu||||| |||| 00| 0 eng d |
| 028 ## - PUBLISHER NUMBER | |
| Publisher number | 45N 14139 |
| Source | EMI |
| 035 ## - SYSTEM CONTROL NUMBER | |
| System control number | GR-02629 |
| 040 ## - CATALOGING SOURCE | |
| Original cataloging agency | SED |
| Transcribing agency | SED |
| 100 ## - MAIN ENTRY--PERSONAL NAME | |
| Personal name | Shobha Gurtu |
| 9 (RLIN) | 17891 |
| 245 ## - TITLE STATEMENT | |
| Title | Sajjo rani / |
| Statement of responsibility, etc | by Shobha Gurtu; music by Sapan Jagmohan; lyric by Jan Nisar Akhtar |
| Medium | [Sound recording] |
| 246 ## - VARYING FORM OF TITLE | |
| Title proper/short title | सज्जो रानी / शोभा गुर्टू द्वारा |
| 260 ## - PUBLICATION, DISTRIBUTION, ETC. (IMPRINT) | |
| Place of publication, distribution, etc | Dum Dum, India |
| Name of publisher, distributor, etc | EMI |
| Date of publication, distribution, etc | 1974 |
| 300 ## - PHYSICAL DESCRIPTION | |
| Extent | 1 Sound disc [Gramophone Recording] : |
| Other physical details | analog, 45 rpm |
| Dimensions | 7 in. (SP) |
| Type of unit | Gramophone Record |
| 500 ## - GENERAL NOTE | |
| General note | Brief record |
| 500 ## - GENERAL NOTE | |
| General note | Record Labels : EMI, Red |
| 505 ## - FORMATTED CONTENTS NOTE | |
| Formatted contents note | Side-1 नथनिया ने है राम (Nathaniya ne hai ram) (Shobha Gurtu) --Side-2 दिल है हाज़िर (Dil hai hazir) (Shobha Gurtu) |
| 600 ## - SUBJECT ADDED ENTRY--PERSONAL NAME | |
| Personal name | Shobha Gurtu |
| 9 (RLIN) | 19718 |
| 650 ## - SUBJECT ADDED ENTRY--TOPICAL TERM | |
| Topical term or geographic name as entry element | Film songs |
| General subdivision | Excerpts |
| Geographic subdivision | India |
| 9 (RLIN) | 17892 |
| 700 ## - ADDED ENTRY--PERSONAL NAME | |
| Personal name | Sapan Jagmohan |
| 9 (RLIN) | 20083 |
| 700 ## - ADDED ENTRY--PERSONAL NAME | |
| Personal name | Jan Nisar Akhtar |
| 9 (RLIN) | 20112 |
| 942 ## - ADDED ENTRY ELEMENTS (KOHA) | |
| Source of classification or shelving scheme | Dewey Decimal Classification |
| Item type | Gramaphone Records |
| Withdrawn status | Lost status | Source of classification or shelving scheme | Damaged status | Not for loan | Collection code | Home library | Current library | Date acquired | Source of acquisition | Total Checkouts | Barcode | Date last seen | Copy number | Price effective from | Koha item type |
|---|---|---|---|---|---|---|---|---|---|---|---|---|---|---|---|
| Dewey Decimal Classification | Not For Loan | Non-fiction | Central Library | Central Library | 15/09/2010 | SED/VEN | GR-02629 | 15/09/2010 | 1 | 15/09/2010 | Gramaphone Records |
